Etelä-Karjala-visa - Statistics

Yleistilastot
  • Tätä visaa on pelattu 1 563 kertaa
  • Keskiarvotulos 9 / 15
Vastaustilastot
Vihje Vastaus % Oikein
Suuri järvi, jonka rannalla kaupunki sijaitsee Saimaa
98%
Väkirikkain kaupunki Lappeenranta
96%
Etelä-Karjala on kahden Venäjän hallintoalueen rajanaapuri. Nimeä toinen niistä. Leningradin alue tai Karjalan tasavalta
87%
Toiseksi väkirikkain kunta Imatra
86%
Perinneruoka, jonka pääraaka-aineisiin kuuluu liha ja mausteet Karjalan{paisti}
83%
Petoeläin, josta tehtiin vuonna 1992 väitetysti havaintoja Ruokolahdella Leijona
75%
Rautjärvellä syntynyt tunnettu tarkka-ampuja Simo Häyhä
67%
Kaupungissa toimiva teknillinen yliopisto {LUT}-yliopisto
65%
Luumäellä asunut Suomen presidentti Pehr Svinhufvud
54%
Jääkauden myötä syntyneet reunamuodostumat Salpausselät
44%
Ainoa maakunta, jossa järvien osuus pinta-alasta on suurempi Etelä-Savo
43%
Lääni, johon Etelä-Karjala kuului vuoteen 1945 asti Viipurin lääni
42%
Rajavartiolaitoksen vaativa erityistehtävä, johon koulutetaan varusmiehiä Immolassa Erikois{rajajääkäri}
35%
Etelä-Karjalan alueella puhuttava murreryhmä {Kaakkois}murre
25%
Suomen suurin vesistö Vuoksen vesistö
23%
Ehtoja vastaavia visoja ei löytynyt
Tulosjakauma
Jokaisen tuloksen saaneiden osuus
Persentiili vastausten määrän mukaan
Tuloshistoriasi
Et ole pelannut tätä visaa